[Event "12th Arad Open 2019"]
[Site "Arad"]
[Date "2019.07.26"]
[Round "4.4"]
[White "Schitco, Ivan"]
[Black "Peptan, Corina-Isabela"]
[Result "1-0"]
[WhiteElo "2462"]
[BlackElo "2375"]
[Annotator "TA"]
[PlyCount "129"]
[EventDate "2019.07.24"]
[EventType "swiss"]
[EventCountry "ROU"]
[SourceTitle "playchess.com"]
[Source "ChessBase"]
[SourceQuality "1"]

{[%evp 14,167,41,18,27,27,41,41,35,43,45,47,59,46,52,43,60,43,71,77,69,23,18,18,37,9,0,-8,-25,-79,-67,-122,0,-98,18,22,12,24,24,26,25,25,25,32,26,28,20,0,54,0,8,7,40,43,155,148,162,147,151,150,186,172,304,311,298,313,328,316,273,289,281,252,441,379,353,322,2343,1697,1530,25,25,25,25,25,25,25,25,25,25,27,830,810,786,637,1672,1303,29965,29967,29968,29969,29972,29974,29974,29977,29976,29977,29977,29979,29979,29980,29982,29980,29980,29981,29982,0,29979,29979,29980,29968,29986,29987,29988,29988,29990,29987,29991,29988,29988,29989,29989,29990,29992,29993,29993,29994,29994,29988,29988,29989,29990,29990,29991,29992,29993,29994,29994,29990,29990,29991,29991,29992,29992,29993,29993,29994]} 1. Nf3 d5 2. g3 Nf6 3. Bg2 c6 4. c4 g6 5. b3 Bg7 6. Bb2 O-O 7. O-O Re8 8. Qc2 Bf5 {A11: English Opening: 1...c6} (8... Nbd7 9. Nc3 dxc4 10. bxc4 e5 11. d3 Nc5 12. Rad1 Qc7 13. Nd2 Ne6 14. e3 Ng5 15. Nce4 Nfxe4 16. dxe4 Ne6 17. Nb3 {½-½ (40) Wang,C (2470)-Molenda,M (2372) Aracaju 2018}) 9. d3 Qc8 10. Rc1 Bh3 $146 {White is slightly better.} ({Predecessor:} 10... dxc4 11. Qxc4 Be6 12. Qc2 Nbd7 13. Nd4 Nf8 14. Nxe6 Qxe6 15. Na3 Bh6 16. Rd1 {½-½ (67) Fork,R (1897)-Stephan,J (1781) Germany 2007}) 11. cxd5 Bxg2 12. Kxg2 Nxd5 13. Bxg7 Kxg7 14. Nc3 {Strongly threatening Nxd5.} Rd8 15. b4 Qg4 16. Nxd5 Rxd5 17. b5 Rxb5 18. a4 Rb6 $1 19. a5 {[%mdl 1024] White has compensation.} Rb5 20. Ra4 Qd7 21. Rd4 (21. h4 $11) 21... Qc7 $17 22. Qc4 ({White should try} 22. Rb1 $15 Rxb1 23. Qxb1) 22... Na6 (22... Rxa5 $17 23. Qc3 Kg8) 23. Rf4 (23. Qxb5 $1 $11 cxb5 24. Rxc7 Nxc7 25. Rd7 {[%mdl 64] Double Attack}) 23... e5 (23... Rf8 $17 {Threatens to win with ...Rc5.} 24. Qc3+ Kg8) 24. Qxb5 $1 $11 cxb5 25. Rxc7 Nxc7 26. Nxe5 {[%mdl 4096] Endgame KRN-KRN} Rf8 27. Rd4 $1 {[%cal Rd4d7]} Re8 28. f4 Re7 29. e4 f6 30. Nd7 Na6 (30... Ne6 $11 31. Rd5 Nc7) 31. Rd5 ({White should play} 31. Kf2 $14) 31... b4 {Hoping for ...b3.} 32. Nc5 Nxc5 33. Rxc5 {KR-KR} b6 (33... Rd7 $1 $14) 34. axb6 $16 axb6 35. Rc4 $1 (35. Rb5 $6 Rd7 $14) 35... Rd7 36. d4 $1 (36. Rxb4 $6 Rxd3 37. Rxb6 Rd2+ 38. Kh3 h6 $14) 36... b3 37. Rb4 b2 (37... f5 $142 38. e5 (38. Rxb6 fxe4 39. Rb4 b2 $11) 38... b2 39. Rxb6 (39. Rxb2 Rxd4 40. h4 Ra4 $16) 39... Rxd4) 38. d5 $1 $18 ({Not} 38. Rxb2 Rxd4 39. Kf3 (39. Rxb6 Rxe4 40. Kf3 Ra4 $11) 39... Rd3+ 40. Ke2 Ra3 $14) 38... f5 {[#]} 39. Kf3 $1 ({Less strong is} 39. Rxb2 fxe4 40. Rb5 (40. Rxb6 Rxd5 41. Rb7+ Kf6 $11) 40... Ra7 $16) 39... fxe4+ 40. Kxe4 Re7+ {[#]} 41. Kd3 $1 Rb7 42. Rxb2 h5 $2 (42... Kf6 {was necessary.} 43. Re2 b5 44. Re6+ Kf7) 43. Kd4 Kf6 44. Re2 b5 $2 (44... Rb8 45. Re6+ Kf7) 45. Kc5 b4 46. d6 $2 (46. Kc6 $18 Rb8 47. d6) 46... b3 $11 47. Rb2 {aiming for Kc6.} Ke6 $1 48. Kc6 {Re2+ would kill now.} Rb4 $1 49. Re2+ Kf7 {...b2 is the strong threat.} 50. d7 Rd4 $1 51. h3 Rd3 $2 {[%mdl 8192] [#]} (51... Rd1 $11) 52. Re3 $1 $18 {[%mdl 576] Promotion} Rxe3 53. d8=Q {And now Qd5+ would win. KQ-KR} Rc3+ 54. Kb7 Rxg3 55. Qd5+ Kg7 56. Qe5+ Kh7 57. f5 b2 58. Qxb2 gxf5 {[#]} 59. Qe5 $1 Rg7+ 60. Kc6 Rf7 61. Kd6 Kg6 62. Qg3+ Kf6 63. Qc3+ Kg6 64. Qg3+ Kf6 {[#]} 65. h4 {Played: Qg3-f4} 1-0

[Event "12th Arad Open 2019"]
[Site "Arad"]
[Date "2019.07.26"]
[Round "4.5"]
[White "Stoleriu, George"]
[Black "Gorodetzky, David"]
[Result "1/2-1/2"]
[WhiteElo "2360"]
[BlackElo "2461"]
[Annotator "ChessBase"]
[PlyCount "117"]
[EventDate "2019.07.24"]
[EventType "swiss"]
[EventCountry "ROU"]
[SourceTitle "playchess.com"]
[Source "ChessBase"]
[SourceQuality "1"]
[TimeControl "40/5400+30:900+30"]

1. e4 {[%emt 0:00:00]} c6 {[%emt 0:00:00]} 2. d4 {[%emt 0:00:37]} d5 {[%emt 0:00:00]} 3. Nc3 {[%emt 0:01:16]} dxe4 {[%emt 0:00:00]} 4. Nxe4 {[%emt 0:00:02]} Nf6 {[%emt 0:00:02]} 5. Nxf6+ {[%emt 0:01:03]} exf6 {[%emt 0:00:05]} 6. c3 {[%emt 0:00:56]} Bd6 {[%emt 0:00:11]} 7. Bd3 {[%emt 0:00:04]} O-O {[%emt 0:00:12]} 8. h3 {[%emt 0:00:45]} Nd7 {[%emt 0:04:52]} 9. Ne2 {[%emt 0:04:55]} Re8 {[%emt 0:03:37]} 10. O-O {[%emt 0:03:07]} Qc7 {[%emt 0:09:25]} 11. c4 {[%emt 0:14:45]} c5 {[%emt 0:11:44]} 12. Be3 {[%emt 0:02:50]} cxd4 {[%emt 0:05:28]} 13. Nxd4 a6 {[%emt 0:11:25]} 14. Nf5 {[%emt 0:21:43]} Bh2+ {[%emt 0:01:20]} 15. Kh1 {[%emt 0:03:38]} Ne5 {[%emt 0:00:02]} 16. Nd6 {[%emt 0:15:59]} Rd8 {[%emt 0:04:00]} 17. c5 {[%emt 0:00:43]} Nxd3 {[%emt 0:02:01]} 18. Qxd3 {[%emt 0:00:29]} Bxd6 {[%emt 0:04:18]} 19. cxd6 {[%emt 0:00:14]} Qxd6 {[%emt 0:03:05]} 20. Qxd6 {[%emt 0:00:22]} Rxd6 {[%emt 0:00:03]} 21. Rfd1 {[%emt 0:00:27]} Rxd1+ {[%emt 0:00:15]} 22. Rxd1 {[%emt 0:00:04]} Be6 {[%emt 0:00:11]} 23. a3 {[%emt 0:00:05]} Kf8 {[%emt 0:02:20]} 24. Bc5+ {[%emt 0:05:55]} Ke8 {[%emt 0:00:13]} 25. b4 {[%emt 0:00:24]} Rc8 {[%emt 0:02:52]} 26. Kh2 {[%emt 0:02:41]} a5 {[%emt 0:04:20]} 27. Rd2 {[%emt 0:02:56]} a4 {[%emt 0:12:00]} 28. Rd6 {[%emt 0:03:21]} Bd7 {[%emt 0:02:28]} 29. Rd3 {[%emt 0:00:59]} Rc6 {[%emt 0:01:31]} 30. Rd6 {[%emt 0:00:16]} Rxd6 {[%emt 0:01:21]} 31. Bxd6 {[%emt 0:00:01]} Bb5 {[%emt 0:03:30]} 32. Kg3 {[%emt 0:10:45]} Kd7 {[%emt 0:00:11]} 33. Bf8 {[%emt 0:00:03]} g6 {[%emt 0:04:30]} 34. Kf4 {[%emt 0:02:03]} Ke6 {[%emt 0:00:36]} 35. Ke3 {[%emt 0:01:24]} Kd5 {[%emt 0:00:43]} 36. Kd2 {[%emt 0:00:49]} Bf1 {[%emt 0:00:44]} 37. h4 {[%emt 0:01:54]} Bxg2 {[%emt 0:00:28]} 38. Bg7 {[%emt 0:00:50]} Ke6 {[%emt 0:03:07]} 39. b5 {[%emt 0:00:32]} Bf1 {[%emt 0:01:47]} 40. b6 {[%emt 0:00:00]} Kf5 {[%emt 0:00:00]} 41. Ke3 {[%emt 0:03:00]} g5 {[%emt 0:19:45]} 42. h5 {[%emt 0:00:29]} Bb5 {[%emt 0:00:40]} 43. Kf3 {[%emt 0:01:28]} Bc4 {[%emt 0:00:24]} 44. Kg3 {[%emt 0:01:14]} Be2 {[%emt 0:00:17]} 45. h6 {[%emt 0:00:04]} Bd1 {[%emt 0:00:33]} 46. Bh8 {[%emt 0:02:01]} Kg6 {[%emt 0:00:29]} 47. Bg7 {[%emt 0:00:05]} Bb3 {[%emt 0:00:15]} 48. Bf8 {[%emt 0:00:42]} Bd5 {[%emt 0:00:09]} 49. Bg7 {[%emt 0:00:16]} f5 {[%emt 0:00:57]} 50. f4 {[%emt 0:00:06]} f6 {[%emt 0:00:05]} 51. Bf8 {[%emt 0:00:21]} Be4 {[%emt 0:00:22]} 52. Bg7 {[%emt 0:00:11]} Kf7 {[%emt 0:00:06]} 53. Bh8 {[%emt 0:00:17]} Ke6 {[%emt 0:01:13]} 54. Bg7 {[%emt 0:00:04]} Bd3 {[%emt 0:00:33]} 55. Bh8 {[%emt 0:00:14]} Be4 {[%emt 0:00:31]} 56. Bg7 {[%emt 0:00:05]} g4 {[%emt 0:00:06]} 57. Bh8 {[%emt 0:00:16]} Bc6 {[%emt 0:01:18]} 58. Bg7 {[%emt 0:00:07]} Kf7 {[%emt 0:00:39]} 59. Bh8 {[%emt 0:00:10]} 1/2-1/2

[Event "12th Arad Open 2019"]
[Site "Arad"]
[Date "2019.07.26"]
[Round "4.6"]
[White "Ileana, George"]
[Black "Macovei, Andrei"]
[Result "1/2-1/2"]
[WhiteElo "2344"]
[BlackElo "2424"]
[Annotator "NA RC"]
[PlyCount "95"]
[EventDate "2019.07.24"]
[EventType "swiss"]
[EventCountry "ROU"]
[SourceTitle "playchess.com"]
[Source "ChessBase"]
[SourceQuality "1"]
[TimeControl "40/5400+30:900+30"]

1. e4 {[%emt 0:00:00]} c5 {[%emt 0:00:00]} 2. Nf3 {[%emt 0:00:10]} d6 {[%emt 0:00:04]} 3. d4 {[%emt 0:00:04]} cxd4 {[%emt 0:00:03]} 4. Nxd4 {[%emt 0:00:04]} Nf6 {[%emt 0:00:04]} 5. Nc3 {[%emt 0:00:04]} a6 {[%emt 0:00:02]} 6. Bg5 {[%emt 0:00:33]} e6 {[%emt 0:00:13]} 7. f4 {[%emt 0:02:44]} h6 {[%emt 0:00:28]} 8. Bh4 {[%emt 0:00:05]} Qb6 {[%emt 0:00:04]} 9. a3 {[%emt 0:00:24]} Be7 {[%emt 0:01:23]} 10. Bf2 {[%emt 0:00:08]} Qc7 {[%emt 0:00:07]} 11. Qf3 {[%emt 0:00:21]} b5 {[%emt 0:02:36]} 12. O-O-O {[%emt 0:00:30]} Nbd7 {[%emt 0:00:44]} 13. g4 {[%emt 0:00:07]} Bb7 {[%emt 0:03:03]} 14. Bd3 {[%emt 0:01:48]} Nc5 {[%emt 0:09:23]} 15. Rhe1 {[%emt 0:01:44]} d5 {[%emt 0:11:52]} 16. e5 {[%emt 0:03:52]} Nfe4 {[%emt 0:00:21]} 17. Bxe4 {[%emt 0:01:25]} Nxe4 {[%emt 0:00:36]} 18. Nxe4 {[%emt 0:05:56]} dxe4 {[%emt 0:00:27]} 19. Qg3 {[%emt 0:00:18]} Rc8 {[%emt 0:08:13]} 20. Kb1 {[%emt 0:01:19]} Bd5 {[%emt 0:08:40]} 21. Re3 {[%emt 0:03:27]} Qc4 {[%emt 0:07:14]} 22. Rb3 {[%emt 0:10:26]} Bc5 {[%emt 0:24:09]} 23. Qc3 {[%emt 0:02:47]} Bxd4 {[%emt 0:02:05]} 24. Bxd4 {[%emt 0:00:11]} g5 {[%emt 0:01:56]} 25. Be3 {[%emt 0:02:35]} Qxc3 {[%emt 0:03:27]} 26. Rxc3 {[%emt 0:00:07]} Rxc3 {[%emt 0:00:03]} 27. bxc3 {[%emt 0:00:06]} h5 {[%emt 0:04:34]} 28. fxg5 {[%emt 0:07:51]} hxg4 {[%emt 0:00:21]} 29. Bf4 {[%emt 0:00:08]} Rh3 {[%emt 0:01:39]} 30. Bg3 {[%emt 0:00:05]} Kf8 {[%emt 0:00:42]} 31. Kc1 {[%emt 0:00:23]} Rh5 {[%emt 0:00:58]} 32. Bf4 {[%emt 0:00:28]} Kg7 {[%emt 0:00:09]} 33. Kd2 {[%emt 0:00:12]} Rh8 {[%emt 0:02:19]} 34. Rf1 {[%emt 0:01:03]} Bc4 {[%emt 0:01:13]} 35. Rf2 {[%emt 0:00:44]} Rd8+ {[%emt 0:00:22]} 36. Ke1 {[%emt 0:04:04]} Kg6 {[%emt 0:00:05]} 37. Be3 {[%emt 0:00:39]} Kg7 {[%emt 0:04:32]} 38. Rf6 {[%emt 0:03:21]} a5 {[%emt 0:02:25]} 39. Rh6 {[%emt 0:00:55]} a4 {[%emt 0:00:23]} 40. Rh4 {[%emt 0:00:00]} Rh8 {[%emt 0:00:00]} 41. Rh6 {[%emt 0:02:28]} Rd8 {[%emt 0:01:01]} 42. Kf2 {[%emt 0:01:01]} Rh8 {[%emt 0:00:54]} 43. Bf4 {[%emt 0:01:14]} Rxh6 {[%emt 0:00:29]} 44. gxh6+ {[%emt 0:00:12]} Kg6 {[%emt 0:00:02]} 45. Ke3 {[%emt 0:00:28]} f5 {[%emt 0:02:14]} 46. exf6 {[%emt 0:03:06]} Kxf6 {[%emt 0:00:02]} 47. Kxe4 {[%emt 0:00:37]} Kg6 {[%emt 0:00:03]} 48. h7 {[%emt 0:00:31]} 1/2-1/2

[Event "12th Arad Open 2019"]
[Site "Arad"]
[Date "2019.07.26"]
[Round "4.7"]
[White "Barrish, Daniel"]
[Black "Zawadzka, Jolanta"]
[Result "1-0"]
[WhiteElo "2237"]
[BlackElo "2422"]
[Annotator "NA"]
[PlyCount "121"]
[EventDate "2019.07.24"]
[EventType "swiss"]
[EventCountry "ROU"]
[SourceTitle "playchess.com"]
[Source "ChessBase"]
[SourceQuality "1"]
[TimeControl "40/5400+30:900+30"]

1. d4 {[%emt 0:00:00]} d5 {[%emt 0:00:00]} 2. c4 {[%emt 0:00:00]} e6 {[%emt 0:00:00]} 3. Nf3 {[%emt 0:00:00]} Nf6 {[%emt 0:00:00]} 4. g3 {[%emt 0:00:05]} Bb4+ {[%emt 0:00:00]} 5. Bd2 {[%emt 0:00:09]} Be7 {[%emt 0:00:03]} 6. Bg2 {[%emt 0:00:11]} O-O {[%emt 0:00:08]} 7. O-O {[%emt 0:00:04]} Nbd7 {[%emt 0:00:07]} 8. Qc2 {[%emt 0:00:24]} Ne4 {[%emt 0:00:19]} 9. Nc3 {[%emt 0:01:13]} Nxd2 {[%emt 0:00:13]} 10. Nxd2 {[%emt 0:00:11]} c6 {[%emt 0:00:10]} 11. e3 {[%emt 0:00:27]} f5 {[%emt 0:02:35]} 12. Ne2 {[%emt 0:05:11]} Nf6 {[%emt 0:09:41]} 13. Nf4 {[%emt 0:01:22]} Bd7 {[%emt 0:02:10]} 14. Nf3 {[%emt 0:02:50]} Bd6 {[%emt 0:05:38]} 15. Nd3 {[%emt 0:04:32]} Be8 {[%emt 0:02:06]} 16. c5 {[%emt 0:00:41]} Bc7 {[%emt 0:01:31]} 17. Nfe5 {[%emt 0:02:52]} Ng4 {[%emt 0:04:53]} 18. Qe2 {[%emt 0:11:50]} Nxe5 {[%emt 0:02:07]} 19. dxe5 {[%emt 0:00:51]} b6 {[%emt 0:02:58]} 20. b4 {[%emt 0:03:32]} a5 {[%emt 0:04:17]} 21. cxb6 {[%emt 0:06:00]} Bxb6 {[%emt 0:00:13]} 22. a3 {[%emt 0:01:22]} Rf7 {[%emt 0:02:35]} 23. Rab1 {[%emt 0:08:44]} Rfa7 {[%emt 0:05:49]} 24. Rfc1 {[%emt 0:01:34]} axb4 {[%emt 0:03:15]} 25. axb4 {[%emt 0:00:15]} Qb8 {[%emt 0:01:59]} 26. Qb2 {[%emt 0:04:03]} Ra2 {[%emt 0:04:34]} 27. Qc3 {[%emt 0:00:52]} Qa7 {[%emt 0:03:48]} 28. Nc5 {[%emt 0:02:45]} Bxc5 {[%emt 0:01:47]} 29. bxc5 {[%emt 0:01:17]} Bh5 {[%emt 0:05:05]} 30. Qb4 {[%emt 0:05:01]} Be2 {[%emt 0:03:36]} 31. Qb7 {[%emt 0:04:44]} Bd3 {[%emt 0:05:34]} 32. Qxc6 {[%emt 0:06:37]} Ra6 {[%emt 0:05:23]} 33. Rb6 {[%emt 0:11:07]} Ra1 {[%emt 0:00:39]} 34. Rf1 {[%emt 0:01:36]} Rxf1+ {[%emt 0:09:01]} 35. Bxf1 {[%emt 0:00:06]} Qa1 {[%emt 0:00:23]} 36. Qxa8+ {[%emt 0:00:16]} Qxa8 {[%emt 0:00:03]} 37. Bxd3 {[%emt 0:00:19]} Qa1+ {[%emt 0:04:29]} 38. Bf1 {[%emt 0:00:12]} Qxe5 {[%emt 0:00:43]} 39. Rd6 {[%emt 0:02:54]} Kf8 {[%emt 0:07:20]} 40. h4 {[%emt 0:00:00]} Ke7 {[%emt 0:00:00]} 41. Ra6 {[%emt 0:15:01]} Qc3 {[%emt 0:03:15]} 42. Ra7+ {[%emt 0:03:00]} Kf6 {[%emt 0:02:07]} 43. Rc7 {[%emt 0:00:15]} h6 {[%emt 0:09:10]} 44. c6 {[%emt 0:00:50]} e5 {[%emt 0:00:26]} 45. Rc8 {[%emt 0:01:19]} d4 {[%emt 0:03:43]} 46. c7 {[%emt 0:02:25]} Kg6 {[%emt 0:00:11]} 47. exd4 {[%emt 0:00:45]} exd4 {[%emt 0:00:04]} 48. Bd3 {[%emt 0:04:23]} Qc5 {[%emt 0:03:35]} 49. g4 {[%emt 0:00:38]} Qc1+ {[%emt 0:00:24]} 50. Kg2 {[%emt 0:00:28]} Qc6+ {[%emt 0:00:52]} 51. f3 {[%emt 0:00:34]} Kf7 {[%emt 0:00:16]} 52. Bxf5 {[%emt 0:00:45]} d3 {[%emt 0:00:42]} 53. Bxd3 {[%emt 0:00:34]} Qd7 {[%emt 0:00:18]} 54. Bf5 {[%emt 0:00:39]} Qd2+ {[%emt 0:00:05]} 55. Kh3 {[%emt 0:00:14]} Qc1 {[%emt 0:01:22]} 56. Rf8+ {[%emt 0:01:47]} Ke7 {[%emt 0:00:01]} 57. c8=Q {[%emt 0:01:32]} Qh1+ {[%emt 0:00:04]} 58. Kg3 {[%emt 0:00:07]} Qg1+ {[%emt 0:01:28]} 59. Kf4 {[%emt 0:00:09]} Qd4+ {[%emt 0:00:37]} 60. Be4 {[%emt 0:00:20]} g5+ {[%emt 0:00:30]} 61. Kf5 {[%emt 0:01:22]} 1-0

[Event "12th Arad Open 2019"]
[Site "Arad"]
[Date "2019.07.26"]
[Round "4.8"]
[White "Jianu, Vlad-Cristian"]
[Black "Nester, Ihor"]
[Result "1/2-1/2"]
[WhiteElo "2523"]
[BlackElo "2361"]
[Annotator "RC"]
[PlyCount "83"]
[EventDate "2019.07.24"]
[EventType "swiss"]
[EventCountry "ROU"]
[SourceTitle "playchess.com"]
[Source "ChessBase"]
[SourceQuality "1"]
[TimeControl "40/5400+30:900+30"]

1. c4 {[%emt 0:00:00]} f5 {[%emt 0:02:39]} 2. g3 {[%emt 0:00:00]} Nf6 {[%emt 0:00:07]} 3. Bg2 {[%emt 0:00:00]} g6 {[%emt 0:00:07]} 4. Nc3 {[%emt 0:00:53]} Bg7 {[%emt 0:00:08]} 5. d3 {[%emt 0:00:12]} d6 {[%emt 0:01:57]} 6. e4 {[%emt 0:00:08]} c6 {[%emt 0:01:08]} 7. Nge2 {[%emt 0:00:16]} e5 {[%emt 0:03:22]} 8. O-O {[%emt 0:03:55]} O-O {[%emt 0:01:37]} 9. exf5 {[%emt 0:00:16]} Bxf5 {[%emt 0:00:43]} 10. d4 {[%emt 0:00:21]} Nbd7 {[%emt 0:03:45]} 11. h3 {[%emt 0:01:45]} Qc7 {[%emt 0:11:35]} 12. g4 {[%emt 0:05:54]} Be6 {[%emt 0:00:12]} 13. d5 {[%emt 0:00:08]} Bf7 {[%emt 0:00:50]} 14. Be3 {[%emt 0:05:27]} c5 {[%emt 0:05:01]} 15. Ng3 {[%emt 0:02:48]} a6 {[%emt 0:00:32]} 16. a4 {[%emt 0:04:46]} Rab8 {[%emt 0:13:49]} 17. Qc2 {[%emt 0:02:16]} Kh8 {[%emt 0:03:14]} 18. g5 {[%emt 0:06:05]} Ng8 {[%emt 0:00:56]} 19. Be4 {[%emt 0:06:30]} Ne7 {[%emt 0:00:46]} 20. Kg2 {[%emt 0:02:26]} b5 {[%emt 0:12:01]} 21. axb5 {[%emt 0:08:41]} axb5 {[%emt 0:00:03]} 22. cxb5 {[%emt 0:01:52]} Nb6 {[%emt 0:01:40]} 23. Rad1 {[%emt 0:00:06]} Nbc8 {[%emt 0:08:27]} 24. h4 {[%emt 0:08:37]} Na7 {[%emt 0:00:54]} 25. h5 {[%emt 0:04:31]} Kg8 {[%emt 0:01:28]} 26. h6 {[%emt 0:10:00]} Bh8 {[%emt 0:00:56]} 27. b4 {[%emt 0:00:30]} cxb4 {[%emt 0:02:09]} 28. b6 {[%emt 0:00:06]} Rxb6 {[%emt 0:05:51]} 29. Bxb6 {[%emt 0:02:09]} Qxb6 {[%emt 0:00:02]} 30. Qb3 {[%emt 0:00:43]} Nac6 {[%emt 0:05:50]} 31. Rb1 {[%emt 0:05:38]} Rb8 {[%emt 0:00:10]} 32. Nce2 {[%emt 0:03:35]} Qb5 {[%emt 0:04:04]} 33. Rfd1 {[%emt 0:00:28]} Nd4 {[%emt 0:00:59]} 34. Rxd4 {[%emt 0:08:56]} exd4 {[%emt 0:00:09]} 35. Nf4 {[%emt 0:00:01]} Qa5 {[%emt 0:06:26]} 36. Nge2 {[%emt 0:02:53]} Rb5 {[%emt 0:02:21]} 37. Qc4 {[%emt 0:00:08]} Rb8 {[%emt 0:01:23]} 38. Nxd4 {[%emt 0:00:42]} Qc5 {[%emt 0:00:21]} 39. Qxc5 {[%emt 0:00:52]} dxc5 {[%emt 0:00:01]} 40. Nde6 {[%emt 0:00:00]} Be5 {[%emt 0:00:00]} 41. Nd3 {[%emt 0:12:57]} Bxe6 {[%emt 0:01:36]} 42. dxe6 1/2-1/2

[Event "12th Arad Open 2019"]
[Site "Arad"]
[Date "2019.07.26"]
[Round "4.9"]
[White "Weinzettl, Ernst"]
[Black "Svetushkin, Dmitry"]
[Result "1-0"]
[WhiteElo "2165"]
[BlackElo "2528"]
[Annotator "ChessBase"]
[PlyCount "53"]
[EventDate "2019.07.24"]
[EventType "swiss"]
[EventCountry "ROU"]
[SourceTitle "playchess.com"]
[Source "ChessBase"]
[SourceQuality "1"]
[TimeControl "40/5400+30:900+30"]

1. e4 {[%emt 0:00:00]} c6 {[%emt 0:00:00]} 2. d4 {[%emt 0:00:00]} d5 {[%emt 0:00:03]} 3. e5 {[%emt 0:00:02]} Bf5 {[%emt 0:00:09]} 4. h4 {[%emt 0:00:17]} h6 {[%emt 0:00:07]} 5. g4 {[%emt 0:00:43]} Bd7 {[%emt 0:00:09]} 6. Nc3 {[%emt 0:00:36]} Qc8 {[%emt 0:00:08]} 7. Be2 {[%emt 0:01:47]} h5 {[%emt 0:02:17]} 8. gxh5 {[%emt 0:01:43]} Nh6 {[%emt 0:00:18]} 9. Bf4 {[%emt 0:14:57]} e6 {[%emt 0:03:25]} 10. Qd2 {[%emt 0:04:29]} c5 {[%emt 0:01:58]} 11. dxc5 {[%emt 0:01:23]} Bxc5 {[%emt 0:02:14]} 12. O-O-O {[%emt 0:02:53]} Nc6 {[%emt 0:01:09]} 13. Nf3 {[%emt 0:09:20]} Ng4 {[%emt 0:06:32]} 14. Rhg1 {[%emt 0:08:03]} Nxf2 {[%emt 0:00:41]} 15. Rdf1 {[%emt 0:03:58]} Ne4 {[%emt 0:03:05]} 16. Nxe4 {[%emt 0:00:39]} dxe4 {[%emt 0:00:10]} 17. Ng5 {[%emt 0:00:59]} Bxg1 {[%emt 0:01:37]} 18. Nxe4 {[%emt 0:00:19]} Bc5 {[%emt 0:00:33]} 19. Nxc5 {[%emt 0:00:11]} Ne7 {[%emt 0:00:19]} 20. Ne4 {[%emt 0:01:08]} Nf5 {[%emt 0:00:12]} 21. h6 {[%emt 0:07:39]} Kf8 {[%emt 0:40:56]} 22. hxg7+ {[%emt 0:15:26]} Kxg7 {[%emt 0:00:08]} 23. Rg1+ {[%emt 0:01:03]} Kf8 {[%emt 0:00:02]} 24. Qb4+ {[%emt 0:03:11]} Ne7 {[%emt 0:00:05]} 25. Bg5 {[%emt 0:00:14]} Qd8 {[%emt 0:03:20]} 26. Nf6 {[%emt 0:01:30]} Bc6 {[%emt 0:06:57]} 27. Bh6+ {[%emt 0:00:12]} 1-0

[Event "12th Arad Open 2019"]
[Site "Arad"]
[Date "2019.07.26"]
[Round "4.10"]
[White "Song, Raymond"]
[Black "Florescu, Codrut-Constantin"]
[Result "0-1"]
[WhiteElo "2456"]
[BlackElo "2312"]
[Annotator "ChessBase"]
[PlyCount "108"]
[EventDate "2019.07.24"]
[EventType "swiss"]
[EventCountry "ROU"]
[SourceTitle "playchess.com"]
[Source "ChessBase"]
[SourceQuality "1"]
[TimeControl "40/5400+30:900+30"]

1. e4 {[%emt 0:00:00]} c5 {[%emt 0:00:00]} 2. Nf3 {[%emt 0:00:00]} e6 {[%emt 0:00:00]} 3. d4 {[%emt 0:00:00]} cxd4 {[%emt 0:00:00]} 4. Nxd4 {[%emt 0:00:00]} Nf6 {[%emt 0:00:11]} 5. Nc3 {[%emt 0:00:00]} d6 {[%emt 0:00:04]} 6. g4 {[%emt 0:00:12]} h6 {[%emt 0:00:34]} 7. h4 {[%emt 0:00:04]} a6 {[%emt 0:02:21]} 8. Qf3 {[%emt 0:00:07]} Qb6 {[%emt 0:01:41]} 9. Nb3 {[%emt 0:01:06]} h5 {[%emt 0:13:06]} 10. gxh5 {[%emt 0:03:29]} Nxh5 {[%emt 0:00:06]} 11. Bg5 {[%emt 0:02:26]} Nc6 {[%emt 0:00:56]} 12. O-O-O {[%emt 0:00:24]} Bd7 {[%emt 0:00:24]} 13. Bh3 {[%emt 0:00:55]} Ne5 {[%emt 0:02:19]} 14. Qe2 {[%emt 0:03:27]} Rc8 {[%emt 0:08:29]} 15. f4 {[%emt 0:08:33]} Nc4 {[%emt 0:03:52]} 16. Rd3 {[%emt 0:08:23]} a5 {[%emt 0:12:29]} 17. a4 {[%emt 0:03:42]} Qb4 {[%emt 0:14:16]} 18. f5 {[%emt 0:07:21]} e5 {[%emt 0:07:07]} 19. f6 {[%emt 0:18:54]} gxf6 {[%emt 0:00:49]} 20. Bxd7+ {[%emt 0:00:16]} Kxd7 {[%emt 0:00:06]} 21. Qg4+ {[%emt 0:01:11]} Kd8 {[%emt 0:00:38]} 22. Rf1 {[%emt 0:02:50]} Be7 {[%emt 0:04:15]} 23. Nd5 {[%emt 0:01:47]} Qxa4 {[%emt 0:00:20]} 24. Nxe7 {[%emt 0:00:08]} Kxe7 {[%emt 0:00:10]} 25. Rxf6 {[%emt 0:06:37]} Nxf6 {[%emt 0:01:30]} 26. Qf5 {[%emt 0:00:30]} Kd8 {[%emt 0:02:39]} 27. Bxf6+ {[%emt 0:22:40]} Kc7 {[%emt 0:00:05]} 28. Bxh8 {[%emt 0:00:00]} Rxh8 {[%emt 0:00:08]} 29. Qxf7+ {[%emt 0:00:08]} Kb8 {[%emt 0:00:17]} 30. Rg3 {[%emt 0:01:32]} Qb4 {[%emt 0:03:01]} 31. Rg8+ {[%emt 0:00:05]} Rxg8 {[%emt 0:00:04]} 32. Qxg8+ {[%emt 0:00:02]} Ka7 {[%emt 0:00:08]} 33. Qg1+ {[%emt 0:04:11]} Ka6 {[%emt 0:00:11]} 34. Qd1 {[%emt 0:03:47]} a4 {[%emt 0:00:37]} 35. h5 {[%emt 0:00:02]} axb3 {[%emt 0:18:29]} 36. cxb3 {[%emt 0:00:01]} Na5 {[%emt 0:00:07]} 37. Qd3+ {[%emt 0:00:03]} b5 {[%emt 0:01:26]} 38. Kc2 {[%emt 0:00:08]} Nc6 {[%emt 0:01:05]} 39. h6 {[%emt 0:00:25]} Nd4+ {[%emt 0:00:28]} 40. Kd1 {[%emt 0:00:00]} Qa5 {[%emt 0:00:00]} 41. Qc3 {[%emt 0:04:57]} Qa1+ {[%emt 0:03:59]} 42. Qc1 {[%emt 0:00:37]} Qxc1+ {[%emt 0:00:26]} 43. Kxc1 {[%emt 0:00:01]} Ne2+ {[%emt 0:00:06]} 44. Kd2 {[%emt 0:00:02]} Nf4 {[%emt 0:00:06]} 45. h7 {[%emt 0:00:01]} Ng6 {[%emt 0:00:04]} 46. Ke3 {[%emt 0:00:47]} Kb6 {[%emt 0:07:19]} 47. Kf3 {[%emt 0:00:05]} Nh8 {[%emt 0:04:14]} 48. Kg4 {[%emt 0:07:51]} d5 {[%emt 0:00:17]} 49. Kf5 {[%emt 0:03:55]} d4 {[%emt 0:00:12]} 50. Kxe5 {[%emt 0:01:45]} d3 {[%emt 0:00:05]} 51. Kf6 {[%emt 0:00:02]} d2 {[%emt 0:00:08]} 52. Kg7 {[%emt 0:00:02]} d1=Q {[%emt 0:00:07]} 53. Kxh8 {[%emt 0:00:01]} Qg4 {[%emt 0:00:58]} 54. b4 {[%emt 0:01:00]} Qg6 {[%emt 0:00:14]} 0-1